000 00805nam a2200205Ia 4500
005 20260121110124.0
008 008 260114s9999 xx 000 0 hin d
020 _a9788132300243
037 _aEBOOK
040 _aCRL
_bhin
_cCRL
041 _ahin
_2hin
084 _qCRL
100 _aसुरेन्द्र सुमन / Surendra Suman
_9942311
245 0 _aमुगल शासक: सामाजिक, राजनीतिक एवं धार्मिक नीति का मूल्यांकन / Mughal shasak: samajik, rajneetik aur dharmik niti ka mulyankan
260 _bभाषा प्रकाशन / Bhasha Prakashan
_c2020
856 _uhttps://bhashaprakashan.com/product-details/377690
942 _cEBOOK
999 _c1533976
_d1533976